| 000 | 00364nam a2200133 a 4500 | ||
|---|---|---|---|
| 003 | DO-SdBNP | ||
| 005 | 20250827100503.0 | ||
| 008 | 111004s2010 000 spa d | ||
| 020 | _a978921021072 | ||
| 040 |
_aDO-SdBNP _bspa _cBNPHU _erda |
||
| 245 | 0 | 0 | _aAnuario estadÃstico de América Latina y el Caribe. |
| 260 |
_aSantiago, Chile, _c2010. |
||
| 942 |
_2ddc _cLBS1 |
||
| 999 |
_c33956 _d33956 |
||